000 01080nac a22003011i 4500
003 EG-ScBUE
005 20260302100342.0
008 260302s1996 nyuab f b 001 0 eng d
020 _a0195104404 (vol. 1 : alk. paper)
020 _a0195104412 (vol. 2 : alk. paper)
040 _aEG-ScBUE
_beng
_erda
_cEG-ScBUE
_dEG-ScBUE
082 0 4 _a551.503
_bCLI
_222
245 0 0 _aEncyclopedia of climate and weather /
_ceditor in chief. Stephen H. Schneider.
246 3 0 _aClimate and weather
264 1 _aNew York :
_bOxford University Press,
_c1996.
300 _a2 volumes :
_billustrations, maps ;
_c29 cm
336 _2rdacontent
_atext
_btxt
337 _aunmediated
_2rdamedia
_bn
338 _avolume
_bnc
_2rdacarrier
504 _aIncludes bibliographical references and index.
505 0 _aIssuee: V.1. A-K , 2. L-Z (1996).
650 7 _aClimatology
_xEncyclopedias.
_2BUEsh
650 7 _aWeather
_xEncyclopedias.
_2BUEsh
655 _vReading book
700 1 _aSchneider, Stephen H.
_qStephen Henry Schneider.
_eeditor.
942 _cNB
_2ddc
999 _c9994
_d9994